[Event "Challenge"]
[Site "http://www.queenalice.com/game.php?id=239211"]
[Date "2007.7.13"]
[Round "-"]
[White "paulacalenzani"]
[Black "Augustodombosco"]
[Result "0-1"]
[WhiteElo "1329"]
[BlackElo "1200"]

1. e4 e5 2. Nf3 Nc6 3. Bc4 Bc5 4. d3 d6 5. Ng5 Nh6 6. Qf3 Be6 7. Nxe6 fxe6 8.
Bxe6 Nd4 9. Qh5+ Kf8 10. Kd1 Nxe6 11. Bxh6 gxh6 12. Qxh6+ Ng7 13. f3 d5 14. Nd2
dxe4 15. Nxe4 Qe7 16. h4 Ke8 17. Rh3 Nf5 18. Qh5+ Qf7 19. Nf6+ Kf8 20. Qxf5 Bd4
21. Nd7+ Ke8 22. Nf6+ Ke7 23. c3 Bc5 24. Qxe5+ Qe6 25. Nd5+ Kd7 26. Qxc7+ Ke8
27. Qxc5 Rc8 28. Nc7+ Rxc7 29. Qxc7 Rg8 30. Kc2 Rxg2+ 31. Kd1 Qe2+ 0-1

[Event "Challenge"]
[Site "http://www.queenalice.com/game.php?id=248483"]
[Date "2007.7.31"]
[Round "-"]
[White "paulacalenzani"]
[Black "roqqk"]
[Result "1-0"]
[WhiteElo "1206"]
[BlackElo "1456"]

1. e4 e5 2. d4 Bd6 3. d5 Qh4 4. g3 Qxe4+ 5. Be3 Qxh1 6. Nf3 b6 7. Nc3 Bb4 8. Qd2
Qxf3 9. Be2 Qh1+ 10. Bf1 Ba6 11. Ne2 Bxd2+ 12. Bxd2 Nf6 13. O-O-O O-O 14. b3
Qxd5 15. Bb4 Qf3 16. c4 Re8 17. Be1 Ne4 18. a4 Qxb3 19. Bg2 Qxc4+ 20. Kb2 Qxa4
21. Nc3 Nxc3 22. Bxc3 Qxd1 23. Bxa8 e4 24. Bd5 Qxd5 25. h4 1-0

[Event "AUTO-BEG-124"]
[Site "http://www.queenalice.com/game.php?id=248695"]
[Date "2007.7.31"]
[Round "1"]
[White "paulacalenzani"]
[Black "bydelsklovnen"]
[Result "1-0"]
[WhiteElo "1344"]
[BlackElo "1333"]

1. d4 d5 2. e3 Bf5 3. Nc3 e6 4. Nf3 Bb4 5. Bd2 a6 6. Be2 Bxc3 7. Bxc3 Nf6 8. Bb4
Nc6 9. Bc3 Ne4 10. O-O Nxc3 11. bxc3 O-O 12. Rb1 b5 13. Bd3 Bxd3 14. Qxd3 Qf6
15. h4 h6 16. e4 dxe4 17. Qxe4 Ne7 18. Ne5 Qf5 19. Qxf5 Nxf5 20. c4 bxc4 21.
Nxc4 Nxd4 22. Rb7 Nb5 23. g4 f5 24. a4 Nd6 25. Rxc7 Nxc4 26. Rxc4 Rac8 27. Rxc8
Rxc8 28. gxf5 exf5 29. Rc1 Rc4 30. Re1 Rxh4 31. Re8+ Kf7 32. Re5 Rg4+ 33. Kf1
Rxa4 34. Rxf5+ 1-0

[Event "AUTO-BEG-124"]
[Site "http://www.queenalice.com/game.php?id=248696"]
[Date "2007.7.31"]
[Round "1"]
[White "bydelsklovnen"]
[Black "paulacalenzani"]
[Result "1-0"]
[WhiteElo "1293"]
[BlackElo "1401"]

1. e4 e5 2. Bc4 Nf6 3. d3 d5 4. exd5 Nxd5 5. Bxd5 Qxd5 6. Nc3 Qxg2 7. Qf3 Qxf3
8. Nxf3 Nc6 9. Nd5 Bb4+ 10. c3 Bd6 11. b4 Bg4 12. Nh4 O-O-O 13. a4 a6 14. b5
axb5 15. axb5 Be6 16. bxc6 Bxd5 17. Ra8# 1-0

[Event "AUTO-BEG-124"]
[Site "http://www.queenalice.com/game.php?id=248699"]
[Date "2007.7.31"]
[Round "1"]
[White "paulacalenzani"]
[Black "Tacitus"]
[Result "1-0"]
[WhiteElo "1033"]
[BlackElo "1326"]

1. e4 c5 2. Qf3 Nc6 3. Bc4 Ne5 4. Qc3 Nxc4 5. Qxc4 e6 6. e5 d5 7. Qf1 Qc7 8. Nf3
f6 9. exf6 Nxf6 10. Qe2 c4 11. Nc3 Bc5 12. Na4 Ne4 13. O-O O-O 14. Nxc5 Qxc5 15.
d3 Nd6 16. Ng5 cxd3 17. Qxd3 Nf7 18. Qxh7# 1-0

[Event "AUTO-BEG-124"]
[Site "http://www.queenalice.com/game.php?id=248700"]
[Date "2007.7.31"]
[Round "1"]
[White "Tacitus"]
[Black "paulacalenzani"]
[Result "0-1"]
[WhiteElo "1326"]
[BlackElo "1336"]

1. e4 e5 2. Nf3 Nc6 3. Bc4 Nh6 4. d4 Na5 5. Nbd2 Nxc4 6. Nxc4 Ng4 7. Nfxe5 Nxe5
8. Nxe5 d6 9. Nc4 d5 10. Ne5 dxe4 11. Qh5 g6 12. Qe2 Qxd4 13. Nc4 Bb4+ 14. c3
Be6 15. cxb4 Bxc4 16. Be3 Qd5 17. Qd2 Qh5 18. f3 Qh4+ 19. Bf2 Qe7 20. O-O-O Bxa2
21. Bc5 Qe6 22. fxe4 b6 23. Bd4 f6 24. Rhf1 O-O-O 25. Rxf6 Qc4+ 26. Qc3 Qe2 27.
Be5 Qxd1# 0-1

[Event "Challenge"]
[Site "http://www.queenalice.com/game.php?id=248933"]
[Date "2007.8.1"]
[Round "-"]
[White "jw16js"]
[Black "paulacalenzani"]
[Result "1-0"]
[WhiteElo "1338"]
[BlackElo "1265"]

1. e4 e5 2. Nc3 Nf6 3. Qf3 d6 4. Qd3 Nc6 5. a3 Nd4 6. Nge2 Nxe2 7. Qxe2 Ng4 8.
d3 f5 9. exf5 Bxf5 10. Qf3 Qe7 11. Qxf5 Nh6 12. Qf3 O-O-O 13. Nd5 Qe6 14. Bg5
Rd7 15. Be2 Ng4 16. c4 h6 17. Be3 Rf7 18. Qh3 h5 19. Bxa7 Rxf2 20. Bxf2 Qf5 21.
Bf3 Rg8 22. Bxg4 hxg4 23. Qe3 Kd7 24. O-O-O b6 25. Rhf1 Qg6 26. h4 Qh5 27. Nb4
g6 28. Nd5 Bg7 29. Bg3 c6 30. Rf7+ Ke6 31. Rc7 Bh6 32. Re7+ 1-0

[Event "Ceará x EspíritoSanto/Vitória"]
[Site "http://www.queenalice.com/game.php?id=262453"]
[Date "2007.8.27"]
[Round "-"]
[White "paulacalenzani"]
[Black "jw16js"]
[Result "1-0"]
[WhiteElo "1233"]
[BlackElo "1439"]

1. e4 e5 2. d4 Nf6 3. Nc3 exd4 4. Qxd4 d6 5. Nd5 Nxd5 6. exd5 Bf5 7. Bb5+ Bd7 8.
Bd3 Qe7+ 9. Be3 c5 10. Qc4 b5 11. Qc3 b4 12. Qd2 Qe5 13. c3 Qxd5 14. c4 Qe5 15.
Nf3 Qe6 16. O-O Nc6 17. Rae1 Be7 18. Bg5 Qg4 19. Re4 Qh5 20. Rh4 Bxg5 21. Qe2+
Ne7 22. Rxh5 Bf6 23. Rxh7 Rxh7 24. Bxh7 g6 25. Qe4 Rd8 26. Re1 Bf5 27. Qd5 Kd7
28. Qxf7 Be5 29. Nh4 Be6 30. Qf3 Kc7 31. Nxg6 Nxg6 32. Bxg6 Bxc4 33. b3 Rg8 34.
bxc4 Kb6 35. Be4 Rh8 36. h3 Rh4 37. a3 bxa3 38. Qxa3 Rxe4 39. Rxe4 a5 40. Qb3+
Kc7 41. Qb5 Bc3 42. Re7+ Kd8 43. Qd7# 1-0

[Event "AUTO-INT-692"]
[Site "http://www.queenalice.com/game.php?id=307886"]
[Date "2007.11.21"]
[Round "1"]
[White "holandes"]
[Black "paulacalenzani"]
[Result "0-1"]
[WhiteElo "1706"]
[BlackElo "1391"]

1. e4 e5 2. c3 Nf6 3. d3 Bc5 4. h3 d5 5. Bg5 h6 6. Bxf6 Qxf6 7. Nf3 g5 8. Be2 h5
9. b4 Bd6 10. exd5 Nd7 11. a3 Nb6 12. c4 e4 13. dxe4 Qxa1 14. c5 Bf4 15. cxb6
axb6 16. g3 Bd6 17. O-O Bxh3 18. Re1 g4 19. Ng5 h4 20. Nxh3 gxh3 21. Bh5 hxg3
22. fxg3 Bxg3 23. Rf1 O-O-O 24. Bxf7 Qg7 25. Be6+ Kb8 26. Qg4 Qd4+ 27. Kh1 Rdf8
28. Bf5 Qd3 29. Rd1 Rxf5 30. Rxd3 Rf1# 0-1

[Event "AUTO-INT-692"]
[Site "http://www.queenalice.com/game.php?id=307887"]
[Date "2007.11.21"]
[Round "1"]
[White "paulacalenzani"]
[Black "holandes"]
[Result "0-1"]
[WhiteElo "1405"]
[BlackElo "1594"]

1. e4 e5 2. Nf3 d6 3. d3 h6 4. Nc3 c6 5. Bd2 Bg4 6. h3 Bxf3 7. Qxf3 Nf6 8. Ne2
g6 9. g4 Bg7 10. d4 Nbd7 11. d5 cxd5 12. exd5 Nb6 13. g5 hxg5 14. Bxg5 Nbxd5 15.
O-O-O Rh5 16. h4 e4 17. Qb3 Qa5 18. Ng3 Rh7 19. Bxf6 Bxf6 20. Qxb7 Rd8 21. Bb5+
Kf8 22. Qxd5 Bxh4 23. Nxe4 Rh5 24. Qc6 Qxa2 25. Nxd6 Bg5+ 0-1

[Event "AUTO-INT-692"]
[Site "http://www.queenalice.com/game.php?id=307902"]
[Date "2007.11.21"]
[Round "1"]
[White "jaque_mate_remate"]
[Black "paulacalenzani"]
[Result "0-1"]
[WhiteElo "1557"]
[BlackElo "1370"]

1. d4 d5 2. c4 c6 3. cxd5 cxd5 4. e3 Nf6 5. Bb5+ Nfd7 6. Qb3 e6 7. Nf3 Be7 8.
Ne5 f6 9. Nxd7 Bxd7 10. Qa4 O-O 11. Nc3 a6 12. Bxd7 Nxd7 13. O-O b5 14. Qd1 f5
15. Qf3 Nf6 16. a3 Qc7 17. Bd2 Ng4 18. Nd1 Qxh2# 0-1

[Event "AUTO-INT-692"]
[Site "http://www.queenalice.com/game.php?id=307903"]
[Date "2007.11.21"]
[Round "1"]
[White "paulacalenzani"]
[Black "jaque_mate_remate"]
[Result "0-1"]
[WhiteElo "1395"]
[BlackElo "1716"]

1. d4 d5 2. e3 Nf6 3. h3 h5 4. Nc3 e6 5. Nf3 Nc6 6. a3 Bd6 7. Be2 Qe7 8. Bd3 Bd7
9. e4 dxe4 10. Nxe4 Nxe4 11. Bxe4 O-O 12. Ng5 g6 13. h4 Rab8 14. g4 hxg4 15. h5
gxh5 16. Rxh5 f5 17. Bd2 Nxd4 18. Bc3 fxe4 19. Bxd4 e5 20. Be3 Qf6 21. Nh7 Qf7
22. Rh4 Be7 23. Qxd7 Bxh4 24. Qxg4+ Kh8 25. Qxh4 Qxh7 26. Qg5 Rf5 27. Qg1 Rg8
28. Qf1 Rh5 29. O-O-O b6 30. b3 c5 31. c4 Qe7 32. Qe2 Rh7 33. Qc2 Rh4 34. Re1
Qh7 35. b4 Rh1 36. Bd2 Rxe1+ 37. Bxe1 Rg1 38. Qc3 Qh1 39. Kd1 Qf3+ 40. Qxf3 exf3
41. b5 Rg4 42. Bc3 Rxc4 43. Bxe5+ Kh7 44. Kd2 Ra4 0-1

[Event "AUTO-INT-692"]
[Site "http://www.queenalice.com/game.php?id=307914"]
[Date "2007.11.21"]
[Round "1"]
[White "paulacalenzani"]
[Black "cassianorui"]
[Result "0-1"]
[WhiteElo "1423"]
[BlackElo "1475"]

1. d4 d5 2. Nc3 Nf6 3. e3 g6 4. Bd3 c6 5. h3 Bg7 6. Qe2 O-O 7. f3 Na6 8. a3 Qd6
9. f4 Nh5 10. Qf2 Bf5 11. Bxf5 gxf5 12. Qh4 Qg6 13. Rh2 Ng3 14. Qxe7 Rab8 15.
Bd2 Bf6 16. Qc5 Nxc5 17. O-O-O Ne6 18. Be1 a5 19. Na4 b5 20. Nc5 Nxc5 21. dxc5
Qg7 22. c3 b4 23. axb4 axb4 24. c4 dxc4 25. Rd2 Ne4 26. Rc2 Nxc5 27. Rxc4 Nd3+
28. Kd1 Nxb2+ 0-1

[Event "AUTO-INT-692"]
[Site "http://www.queenalice.com/game.php?id=307915"]
[Date "2007.11.21"]
[Round "1"]
[White "cassianorui"]
[Black "paulacalenzani"]
[Result "1-0"]
[WhiteElo "1365"]
[BlackElo "1372"]

1. g3 Nf6 2. Nf3 d6 3. Bg2 g6 4. d4 Nc6 5. d5 Nb4 6. Nc3 Bf5 7. O-O Qd7 8. Ng5
e5 9. a3 Nxc2 10. Rb1 h6 11. Nge4 Nd4 12. Nxf6+ 1-0

[Event "pcv x jwjs"]
[Site "http://www.queenalice.com/game.php?id=309122"]
[Date "2007.11.23"]
[Round "-"]
[White "paulacalenzani"]
[Black "jw16js"]
[Result "1-0"]
[WhiteElo "1455"]
[BlackElo "1478"]

1. e4 e5 2. Nc3 Nf6 3. h3 h5 4. Nf3 d6 5. Bc4 Nc6 6. Ng5 Qd7 7. Bxf7+ Kd8 8. Bg6
Ne7 9. Nf7+ Ke8 10. Nxe5+ Nxg6 11. Nxd7 Bxd7 12. Nd5 Nxd5 13. exd5 Be7 14. d3
Rf8 15. Qxh5 Rf6 16. O-O Bf5 17. Bg5 Rf7 18. Rae1 Kd7 19. g4 Rh8 20. Rxe7+ Rxe7
21. Qxh8 Nxh8 22. Bxe7 Bh7 23. Re1 Ng6 24. Bg5 Ne5 25. Kg2 c5 26. f4 Ng6 27. f5
Ne5 28. b3 Bg8 29. Bf4 Bxd5+ 30. Kg3 Nf3 31. Re3 Nd4 32. c3 Nc2 33. Re2 Na3 34.
c4 Bf7 35. Bg5 Nb1 36. Re7+ Kc6 37. Rxf7 Nc3 38. Rxg7 Ne2+ 39. Kh4 Nd4 40. f6
Ne6 41. Bh6 a5 42. Re7 Nd8 43. f7 Nxf7 44. Rxf7 Kb6 45. g5 Kc6 46. g6 b6 47. g7
a4 48. g8=Q b5 49. Qc8+ Kb6 50. Qb7+ Ka5 51. Qxb5# 1-0

[Event "AUTO-BEG-124"]
[Site "http://www.queenalice.com/game.php?id=313325"]
[Date "2007.12.1"]
[Round "2"]
[White "ZERDAX"]
[Black "paulacalenzani"]
[Result "1-0"]
[WhiteElo "1723"]
[BlackElo "1513"]

1. a3 e5 2. b4 c6 3. Bb2 d6 4. e3 g6 5. Nf3 Bg7 6. Bc4 Nf6 7. O-O b5 8. Bb3 Ng4
9. d3 d5 10. Nbd2 f5 11. h3 Nf6 12. Bxe5 Nbd7 13. Bc3 Qc7 14. Ng5 Ne5 15. Bd4 h6
16. Ngf3 Nf7 17. a4 g5 18. Nh2 Ne5 19. Bxe5 Qxe5 20. d4 Qd6 21. Qe2 Qxb4 22.
axb5 Qxb5 23. Qxb5 cxb5 24. Ra5 a6 25. Nhf3 O-O 26. Ne5 Be6 27. Rfa1 h5 28. Ndf3
Ne4 29. R1a2 Nc3 30. Ra1 f4 31. Rxa6 Rxa6 32. Rxa6 Bf5 33. Rc6 Ne4 34. Bxd5+ Kh8
35. exf4 gxf4 36. Nh4 f3 37. Nhxf3 Nf6 38. Bb3 Bh6 39. Nh4 Kh7 40. Nxf5 Bf4 41.
Be6 Ra8 42. g3 Ra1+ 43. Kg2 Bxe5 44. Bd5 Nxd5 45. Rc5 1-0

[Event "AUTO-BEG-124"]
[Site "http://www.queenalice.com/game.php?id=313326"]
[Date "2007.12.1"]
[Round "2"]
[White "paulacalenzani"]
[Black "ZERDAX"]
[Result "1-0"]
[WhiteElo "1423"]
[BlackElo "1756"]

1. c4 e5 2. Nc3 Bb4 3. Nd5 Bc5 4. e3 c6 5. d4 cxd5 6. dxc5 Qa5+ 7. Qd2 Qxc5 8.
Qxd5 Qb4+ 9. Bd2 Qxb2 10. Rd1 Nf6 11. Qf3 O-O 12. e4 Nc6 13. Ne2 d6 14. h3 h5
15. Nc3 Nd4 16. Qd3 Ng4 17. hxg4 Nc2+ 18. Ke2 Bxg4+ 19. f3 Be6 20. Rxh5 Nb4 21.
Qxd6 Bxc4+ 22. Kf2 Rad8 23. Na4 Nd3+ 24. Qxd3 Qxa2 25. Qxc4 Qa3 26. Be2 a6 27.
Rdh1 g6 28. Rh7 Rxd2 29. Nc5 Qb2 30. Ne6 Qb6+ 31. Nc5 Qc6 32. Ke1 b5 33. Qc3 Ra2
34. Qxe5 1-0

[Event "AUTO-BEG-124"]
[Site "http://www.queenalice.com/game.php?id=313329"]
[Date "2007.12.1"]
[Round "2"]
[White "tayron"]
[Black "paulacalenzani"]
[Result "0-1"]
[WhiteElo "1613"]
[BlackElo "1494"]

1. d4 f5 2. f3 e6 3. e4 fxe4 4. fxe4 Qh4+ 5. g3 Qxe4+ 6. Qe2 Qxh1 7. Nf3 b6 8.
Kd2 Ba6 9. Qg2 Qxg2+ 10. Bxg2 Bb7 11. Nc3 a6 12. Ke2 d5 13. Bf4 Bd6 14. Bxd6
cxd6 15. Ng5 Nc6 16. Nxe6 Rc8 0-1

[Event "AUTO-BEG-124"]
[Site "http://www.queenalice.com/game.php?id=313330"]
[Date "2007.12.1"]
[Round "2"]
[White "paulacalenzani"]
[Black "tayron"]
[Result "1-0"]
[WhiteElo "1473"]
[BlackElo "1613"]

1. e4 c5 2. Nc3 e6 3. d3 d5 4. Nf3 Nf6 5. Ne5 dxe4 6. dxe4 Qxd1+ 7. Nxd1 Nxe4 8.
Bb5+ Bd7 9. Nxd7 Nxd7 10. Bxd7+ Kxd7 11. O-O Be7 12. Ne3 Rad8 13. Nc4 Kc8 14.
Bf4 Bd6 15. Nxd6+ Nxd6 16. Rfd1 1-0

[Event "Challenge"]
[Site "http://www.queenalice.com/game.php?id=336309"]
[Date "2008.1.14"]
[Round "-"]
[White "JULIANE_BRASIL"]
[Black "paulacalenzani"]
[Result "1-0"]
[WhiteElo "2161"]
[BlackElo "1515"]

1. d4 d5 2. c4 e6 3. Nc3 c5 4. e3 Nf6 5. Bd3 cxd4 6. exd4 Nc6 7. cxd5 exd5 8.
Nge2 Qe7 9. Bg5 Nxd4 10. Bxf6 Qxf6 11. Nxd4 Qxd4 12. Bb5+ 1-0

[Event "Challenge"]
[Site "http://www.queenalice.com/game.php?id=336310"]
[Date "2008.1.14"]
[Round "-"]
[White "paulacalenzani"]
[Black "JULIANE_BRASIL"]
[Result "1-0"]
[WhiteElo "1505"]
[BlackElo "2172"]

1. e4 d6 2. d3 e5 3. Nc3 Nf6 4. h3 Be6 5. Nf3 Be7 6. Be3 O-O 7. g4 d5 8. g5 Nfd7
9. exd5 Bf5 10. Ne4 Nb6 11. h4 Qxd5 12. Bg2 Bxe4 13. dxe4 Qxe4 14. Qe2 Nd5 15.
h5 Nxe3 16. fxe3 Nc6 17. O-O-O Rad8 18. Nd2 Qa4 19. g6 Qxa2 20. gxh7+ Kxh7 21.
Be4+ Kg8 22. Rdg1 Nb4 23. Nb3 Qa4 24. Qg2 g5 25. hxg6 Kg7 26. Rh7+ Kf6 27. Qg5+
Ke6 28. Qf5+ Kd6 29. Rd1+ 1-0